00322 a2200097 4500001001000000005001700010008004100027245006000068100002100128773007500149ART_5818820260410161823.0260409a 10aLavado y los riesgos por la simplificación tributaria1 aVega, Gerardo E.0 tDoctrina Penal Tributaria y Económicag- N° 67 (mar. 2023)wREV4317